000 00837nam a2200253Ia 4500
003 OSt
005 20220923223459.0
006 a|||||r|||| 00| 0
007 ta
008 220922b |||||||| |||| 00| 0 hin d
024 _a217,568
037 _cTextual
040 _aARTS
_cARTS
_bhin
041 _2hin
_ahin
082 _aO152,1:g(P:75), M0;N0
100 _aझारी, कृष्णदेव
_9156272
245 0 _aभारतीय काव्य सिद्वान्त (रस)
246 _aBhāratīya kāvya sidvānta (rasa)
260 _aदिल्ली
_b शारदा
_c1989
300 _a167i`
_ccm.
650 _aहिन्दी साहित्य
_9156264
942 _hO152,1:g(P:75), M0;N0
_cTEXL
_2CC
999 _c365632
_d365632